zpět

Detail výsledku týmu

Matero, Povrly

Datum a čas kvízu

30 Celkem bodů Celkový počet nahraných bodů na tomto kvízu bez doplňovacích otázek.
5. Pořadí na kvízu Konečné umístění týmu na tomto kvízu.

Zaznamenané odpovědi

# Otázka Odpověď Body Výsledky
1. Před lety investoval 47letý mo... Láďa Hruška 0
2. Cukrárna Café Lieb v německém... C) na tancích a s děly 0
3. Jak se jmenuje město na Svitav... Moravská Třebová 0
4. V odborné anketě Světové auto... Kia 0
5. V těchto dnech začíná play-off... Dallas Stars 0
6. Tonga a Togo sice mají podobné... D 0
7. Dříve v Prusku, nyní v Rusku.... Kaliningrad 1
8. Mezi kterou dvojicí sídel v na... B 1
9. Kterými úředními jazyky se mlu... angličtinou; španělštinou 0.5
10. Ke kvízu patří i pivo, které s... Turnov; Trutnov 0.5